Najlepsi strzelcy Premier League - Statystyki

Ogólne statystyki
  • Ten quiz został rozwiązany 141 razy
  • Średni wynik to 11 z 25
Statystyki odpowiedzi
Ilość goli Zawodnik % Poprawnych
213 Kane
92%
208 Rooney
90%
184 Agüero
81%
139 Salah
79%
260 Shearer
79%
175 Henry
78%
121 Gerrard
65%
177 Lampard
65%
144 van Persie
57%
111 Mané
54%
150 Owen
52%
136 Vardy
44%
187 Cole
38%
121 Lukaku
35%
115 Sterling
32%
125 Keane
28%
163 Defoe
24%
125 Anelka
22%
113 Wright
22%
123 Yorke
22%
162 Fowler
21%
146 Sheringham
21%
110 Heskey
13%
149 Ferdinand
12%
127 Hasselbaink
11%
Nie znaleziono quizów pasujących do podanych kryteriów
Rozkład punktacji
Procent ludzi z każdym wynikiem
Percentyl według liczby udzielonych odpowiedzi
Twoja historia wyników
Nie rozwiązałeś tego quizu